Mecanismos de articulación entre el sector informal y el sector formal urbano /

Uloženo v:
Podrobná bibliografie
Hlavní autor: Lomnitz, Larissa
Médium: Text
Témata:
Tagy: Přidat tag
Žádné tagy, Buďte první, kdo vytvoří štítek k tomuto záznamu!

MARC

LEADER 00000 a a2200000 04500
001 44208
003
040
100 |a Lomnitz, Larissa  
245 |a Mecanismos de articulación entre el sector informal y el sector formal urbano /  |c Larissa Lomnitz  
650 |a SECTOR FORMAL  
650 |a SECTOR INFORMAL  
650 |a MEXICO  
650 |a INTEGRACION SOCIAL  
773 |g volumen40, número1 ( , 1978), Páginas 131-153  
999 |c 30999  |d 30999